LEADER 01785nam0M2200457--I450- 001 990002448240203316 005 20060322115049.0 010 $a88-781-2140-1 035 $a000244824 035 $aUSA01000244824 035 $a(ALEPH)000244824USA01 035 $a000244824 100 $a20050701d2004----||itac50 ba 101 $aita 102 $aIT 200 1 $aLinee guida sui requisiti di qualificazione dei gestori in esterno di attivita dei servizi bibliotecari$fAssociazione italiana biblioteche$ga cura dell'Osservatorio lavoro$g[saggi di] Nerio Agostini... [et al.] 210 $aRoma$cAssociazione italiana biblioteche$d2004 215 $a84 p.$d21 cm. 606 $aBiblioteche$xServizi$xAppalti$xGuide 676 $a025.00684 702 1$aAGOSTINI,$bNerio 710 02$aAssociazione italiana biblioteche$0104838 801 0$aIT$bICCU$c20050619 912 $a990002448240203316 951 $aI.2.A. 120b(XIII B 154 bis)$b179673 L.M.$cXIII B$d00127146 951 $aL.P.58$b178475 L.M.$cL.P.$d00131596 951 $aI.2.A. 120(XIII B 154)$b178476 L.M.$cXIII B$d00131597 951 $aL.P.58$b179677 L.M.$cL.P.$d00127076 951 $aI.2.A. 120a(XIII B 154 A)$b179676 L.M.$cXIII B$d00127081 951 $aLP 58$b179674 L.M.$cLP$d00127141 951 $aLP 58$b179675 L.M.$cLP$d00127086 959 $aBK 969 $aUMA 979 $aPATRY$b90$c20050701$lUSA01$h1300 979 $aPAOLA$b90$c20050701$lUSA01$h1354 979 $aPAOLA$b90$c20050701$lUSA01$h1354 979 $aPATRY$b90$c20050705$lUSA01$h1618 979 $aPATRY$b90$c20050705$lUSA01$h1622 979 $aCOPAT1$b90$c20060322$lUSA01$h1150 996 $aLinee guida sui requisiti di qualificazione dei gestori in esterno di attivita dei servizi bibliotecari$91057743 997 $aUNISA LEADER 02444oam 2200577I 450 001 9910460706803321 005 20170822145643.0 010 $a1-317-42035-7 010 $a1-315-68817-4 010 $a1-317-42034-9 024 7 $a10.4324/9781315688176 035 $a(CKB)3710000000441372 035 $a(EBL)2082892 035 $a(SSID)ssj0001562141 035 $a(PQKBManifestationID)16204580 035 $a(PQKBTitleCode)TC0001562141 035 $a(PQKBWorkID)14833295 035 $a(PQKB)11591432 035 $a(MiAaPQ)EBC2082892 035 $a(OCoLC)913375445 035 $a(EXLCZ)993710000000441372 100 $a20180706e20151979 uy 0 101 0 $aeng 135 $aur|n|---||||| 181 $ctxt 182 $cc 183 $acr 200 14$aThe grammar of English reflexives /$fMichael Helke 210 1$aAbingdon, Oxon :$cRoutledge,$d2015. 215 $a1 online resource (187 p.) 225 0 $aRoutledge Library Editions : The English Language ;$vVolume 12 300 $aFirst published in 1979. 311 $a1-138-91890-3 311 $a1-138-90817-7 320 $aIncludes bibliographical references. 327 $aCover; Half Title; Title; Copyright; Original Title; Original Copyright; Contents; CHAPTER ONE; CHAPTER TWO; CHAPTER THREE; CHAPTER FOUR; BIBLIOGRAPHY 330 $aThis work, first published in 1979, was a doctoral dissertation submitted to the Department of Foreign Literatures and Linguistics of the Massachusetts Institute of Technology in 1970. The first chapter of this thesis concerns the supposed complementarity of reflexives and ordinary anaphoric pronouns. In the second chapter a theory of reflexivisation is characterised which encompasses several other theories. The third chapter considers apparent counter-examples to the generalizations regarding reflexives that were established in Chapter Two. The fourth chapter concerns the meaning of reflexive 410 0$aRoutledge Library Edition: The English Language 606 $aEnglish language$xPronoun 606 $aEnglish language$xReflexives 608 $aElectronic books. 615 0$aEnglish language$xPronoun. 615 0$aEnglish language$xReflexives. 676 $a425 700 $aHelke$b Michael$f1943-,$0215998 801 0$bFlBoTFG 801 1$bFlBoTFG 906 $aBOOK 912 $a9910460706803321 996 $aGrammar of English reflexives$9609208 997 $aUNINA